000 01025nam a2200241 a 4500
001 85350
003 BD-RjUL
005 20250729114550.0
008 250729s2025 bg ||||| |||| 00| 0 ben d
020 _a9789849848578
035 _a(BD-RjUL)85350
040 _aBD-RjUL
_beng
_cBD-RjUL
041 _aben
082 _223
_a306.4495492
_bKEB 2025
100 _aকেকা, জান্নাতুল বাকেয়া
_916301
245 _aভাষা আন্দোলনের সাত দশক :
_bজানা-অজানা /
_cজান্নাতুল বাকেয়া কেকা
250 _a২য় সং.
260 _aঢাকা :
_bপাঞ্জেরী পাবলিকেশন্স লিমিটেড,
_c২০২৫
300 _a৪৮৮ পৃ.;
_c২১ সেমি.
650 _aবাংলা ভাষার আন্দোলন
_y১৯৫২
_zবাংলাদেশ
_916317
650 _aBengali Language Moment
_y1952
_zBangladesh
_916318
942 _2ddc
_cBK
999 _c85350
_d85350